000
00304nam a2200121Ia 4500
008
220204s9999 xx 000 0 und d
082
_a
336.764.2:336.745
_b
EIN
100
_a
EINZIG, Paul
245
0
_a
Dynamic theory of forward exchange
250
_a
2
260
_a
London
_b
Macmillan
_c
1975
942
_c
BK
999
_c
31792
_d
31792